Recopilación de leyes de los reynos de las Indias
Сохранить в:
| Главный автор: | |
|---|---|
| Формат: | |
| Язык: | испанский |
| Опубликовано: |
Ciudad de México
Miguel Angel Porrúa
1987
|
| Предметы: | |
| Метки: |
Добавить метку
Нет меток, Требуется 1-ая метка записи!
|
MARC
| LEADER | 00000nam a2200000 a 4500 | ||
|---|---|---|---|
| 001 | UCX8689 | ||
| 003 | CL-VaPUC | ||
| 008 | 940419e19870000MX |||||||||||||||||spa|d | ||
| 020 | |a 9688420913 | ||
| 082 | 0 | 4 | |a 340.098 |b ICA |2 21 |
| 100 | |a Icaza Dufour, Francisco de |e author |9 482423 | ||
| 245 | 1 | 0 | |a Recopilación de leyes de los reynos de las Indias |
| 300 | |a 641 p | ||
| 942 | |c BK | ||
| 945 | |d 19940419 00:00:00 |a aalvarez | ||
| 260 | |a Ciudad de México |b Miguel Angel Porrúa |c 1987 | ||
| 650 | 0 | |a Derecho Indiano |9 256266 | |
| 583 | |a last modification |c 19940419 00:00:00 |k Rodrigo Vera | ||
| 999 | |c 228119 |d 228117 | ||
| 952 | |0 0 |1 0 |4 0 |6 340_098000000000000_ICA_1987 |7 0 |8 DER_HDC |9 227748 |a BIBDER |b BIBDER |d 2019-11-15 |i 2970082 |l 1 |o 340.098 ICA 1987 |p 2970082 |r 2023-08-04 |s 2023-08-04 |w 2019-11-15 |x Ubicación 4to Piso |y BK |z Estos recursos deben solicitarse con anticipación |k DER | ||